Culture cinéma - Statistiques

Statistiques générales
  • Ce quiz a été pris 58 fois
  • Le résultat moyen est 7 sur 15
Statistiques - réponses
Question Réponse % Correct
En 1896, quelle réaction le film "L'Arrivée d’un train en gare de La Ciotat" des frères Lumière aurait-il provoquée lors de sa première projection ? Les spectateurs ont paniqué en croyant que le train allait sortir de l’écran
80%
Parmi ces quatre propositions, laquelle n'est pas un film de Ridley Scott ? La Ligne Verte
76%
Dans le langage courant, on parle d'Oscars pour désigner la cérémonie et les prix, mais quel est le nom officiel ? Academy Awards
70%
Comment appelle-t-on l'étape de post-production qui consiste à harmoniser les couleurs et la luminosité sur l'ensemble des images ? L'étalonnage
65%
Qu'a apporté le mouvement de la Nouvelle Vague au cinéma ? Les films d'auteur
59%
Qui est le compositeur de la bande originale de Star Wars, de Harry Potter, de Jurassic Park, de E.T., de Superman, d'Indiana Jones, des Dents de la mer, de la Liste de Schindler... et bien d'autres ? John Williams
54%
Quelle est la particularité du film "La Corde" d'Alfred Hitchcock sorti en 1948 ? Il n'y a aucune coupure
46%
Quel est l’ordre chronologique des 4 premiers acteurs ayant incarné James Bond au cinéma ? Sean Connery → George Lazenby → Roger Moore → Timothy Dalton
39%
Lequel de ces classiques d'animation Disney est sorti en dernier ? Le Roi Lion
37%
Quelle est la saga la plus lucrative entre ces quatre ? Marvel Cinematic Universe
37%
Qui a inventé le kinétoscope, premier appareil fondé sur la persistance des images sur la rétine ? Thomas Edison
37%
Quel film est considéré comme le premier à utiliser des effets spéciaux au cinéma ? Le Voyage dans la Lune
30%
Sergio Leone a réalisé "Le Bon, la Brute et le Truand", mais qu'a-t-il fait d'autre ? Tous
26%
Parmi ces quatre séries, laquelle n'est pas dans le TOP 10 des meilleures séries de tous les temps d'après le site de IMDB ? Game of Thrones
7%
Combien y a-t-il eu d'adaptations du Comte de Monte-Cristo au cinéma ? 19
4%
Aucun quiz correspondant
Distribution des résultats
% des personnes avec chaque résultat
Percentile par nombre de réponses
Votre historique - résultats
Vous n’avez pas pris ce quiz